Library Logo

Pioneer International University Library Catalogue

The death of outrage : (Record no. 9389)

MARC details
000 -LEADER
fixed length control field 01462cam a2200289 a 4500
001 - CONTROL NUMBER
control field 1199495
003 - CONTROL NUMBER IDENTIFIER
control field OSt
005 - DATE AND TIME OF LATEST TRANSACTION
control field 20250901165811.0
008 - FIXED-LENGTH DATA ELEMENTS--GENERAL INFORMATION
fixed length control field 980706s1998 nyu 000 0beng
010 ## - LIBRARY OF CONGRESS CONTROL NUMBER
LC control number 98036055
020 ## - INTERNATIONAL STANDARD BOOK NUMBER
International Standard Book Number 0684813726 (hc. : alk. paper)
040 ## - CATALOGING SOURCE
Original cataloging agency DLC
Transcribing agency DLC
Modifying agency DLC
043 ## - GEOGRAPHIC AREA CODE
Geographic area code n-us---
050 00 - LIBRARY OF CONGRESS CALL NUMBER
Classification number E 886 .2 .B47 1998
Item number .B47 1998
082 00 - DEWEY DECIMAL CLASSIFICATION NUMBER
Classification number 973.929/092
Edition information 21
100 1# - MAIN ENTRY--PERSONAL NAME
Personal name Bennett, William J.
Fuller form of name (William John),
Dates associated with a name 1943-
245 14 - TITLE STATEMENT
Title The death of outrage :
Remainder of title Bill Clinton and the assault on American ideals /
Statement of responsibility, etc. William J. Bennett.
260 ## - PUBLICATION, DISTRIBUTION, ETC.
Place of publication, distribution, etc. New York :
Name of publisher, distributor, etc. Free Press,
Date of publication, distribution, etc. 1998.
300 ## - PHYSICAL DESCRIPTION
Extent 154 p. ;
Dimensions 23 cm.
600 10 - SUBJECT ADDED ENTRY--PERSONAL NAME
Personal name Clinton, Bill,
Dates associated with a name 1946-
General subdivision Ethics.
600 10 - SUBJECT ADDED ENTRY--PERSONAL NAME
Personal name Clinton, Bill,
Dates associated with a name 1946-
General subdivision Sexual behavior.
650 #0 - SUBJECT ADDED ENTRY--TOPICAL TERM
Topical term or geographic name entry element Political corruption
Geographic subdivision United States
General subdivision History
Chronological subdivision 20th century.
651 #0 - SUBJECT ADDED ENTRY--GEOGRAPHIC NAME
Geographic name United States
General subdivision Politics and government
Chronological subdivision 1993-2001
General subdivision Moral and ethical aspects.
906 ## - LOCAL DATA ELEMENT F, LDF (RLIN)
a 7
b cbc
c orignew
d 1
e ocip
f 19
g y-gencatlg
942 ## - ADDED ENTRY ELEMENTS (KOHA)
Source of classification or shelving scheme Library of Congress Classification
Koha item type Books
Holdings
Withdrawn status Lost status Source of classification or shelving scheme Damaged status Not for loan Home library Current library Shelving location Date acquired Total checkouts Full call number Barcode Date last seen Price effective from Koha item type
    Library of Congress Classification     Main Library Main Library   03/24/2025   E 886 .2 .B47 1998 PIU0003195 03/24/2025 03/24/2025 Books